| 000 | 01018nam a22002657a 4500 | ||
|---|---|---|---|
| 005 | 2012011600140.0 | ||
| 008 | 120116t xxu||||| |||| 00| 0 eng d | ||
| 010 | _aENG-104742 | ||
| 020 |
_a9780071332118 _c650.00 |
||
| 020 |
_a0071332111 _c650.00 |
||
| 035 | _aEN-88275 | ||
| 037 | _bDBAD/PUB | ||
| 040 |
_aDPL _bEng |
||
| 082 | _a000 | ||
| 100 | _939292 | ||
| 245 | 0 | 0 |
_aGeneral studies 2012 for civil services preliminary examination paper-II / _cby Arun Sharma...[et al] |
| 260 |
_aNew Delhi _bTata McGraw-Hill _cc2012 |
||
| 270 |
_a7 West Patel Nagar _bNew Delhi _e110001 |
||
| 300 |
_avarious pagings _c27cm(pbk) |
||
| 490 |
_aTata McGraw Hill's winning edge series _91235 |
||
| 700 |
_aSharma, Arun _939293 |
||
| 942 |
_2ddc _cEN _mGEN _h000 |
||
| 999 |
_c60977 _d60977 |
||